| 000 | 00523nam a2200193Ia 4500 | ||
|---|---|---|---|
| 001 | 66106 | ||
| 008 | 230929n ii |||gr||||Z||||||asm | ||
| 020 | _a81-89148-03-6 | ||
| 082 | _a891.41408 | ||
| 110 | _aKatha Pub.(Edited By Sonit Bijoy Das). | ||
| 245 | 0 |
_aSahitya Alochanee---Katha _cKatha Publication _hTextual Documents |
|
| 250 | _aFirst. | ||
| 260 |
_aGauhati _bKatha Publishers |
||
| 300 |
_a306pg: _c23cm. |
||
| 653 | _aAssamese | ||
| 653 | _aAssamese Literature | ||
| 653 | _aG--Assamese | ||
| 942 |
_2ddc _cBK |
||
| 999 |
_c67199 _d67199 |
||